Particularidades sintácticas del latín medieval : (Record no. 30316)

MARC details
000 -LEADER
campo de control de longitud fija 00979nam a2200253 i 4500
001 - NÚMERO DE CONTROL
campo de control 30316
003 - IDENTIFICADOR DE NÚMERO DE CONTROL
campo de control ES-MaACL
005 - FECHA Y HORA DE LA ÚLTIMA TRANSACCIÓN
campo de control 20230906154156.0
007 - CAMPO FIJO DE DESCRIPCIÓN FÍSICA--INFORMACIÓN GENERAL
campo de control de longitud fija t|
008 - DATOS DE LONGITUD FIJA--INFORMACIÓN GENERAL
campo de control de longitud fija 030124s1953 sp ||||1| spa d
080 ## - NÚMERO DE LA CLASIFICACIÓN DECIMAL UNIVERSAL
Número de la Clasificación Decimal Universal 811.124'04
100 1# - ENTRADA PRINCIPAL--NOMBRE DE PERSONA
Nombre de persona Bastardas, Joan (
Fechas asociadas al nombre 1919-2009)
9 (RLIN) 174236
245 10 - MENCIÓN DEL TÍTULO
Título Particularidades sintácticas del latín medieval :
Resto del título (cartularios españoles de los siglos VIII al XI) /
Mención de responsabilidad, etc. Juan Bastardas Parera ; prólogo de Dag Norberg.
260 ## - PUBLICACIÓN, DISTRIBUCIÓN, ETC.
Lugar de publicación, distribución, etc. Barcelona :
Nombre del editor, distribuidor, etc. Escuela de Filología,
Fecha de publicación, distribución, etc. 1953 (
Fabricante Selecciones Gráf.)
300 ## - DESCRIPCIÓN FÍSICA
Extensión XXXIX, 200 p. ;
Dimensiones 24 cm.
490 1# - MENCIÓN DE SERIE
Mención de serie Filología clásica ;
Designación de volumen o secuencia 12
594 ## - Nota al título y mención de responsabilidad
Nota al título y mención de responsabilidad Precede al tít.: Consejo Superior de Investigaciones Científicas. Instituto Antonio de Nebrija.
650 #4 - PUNTO DE ACCESO ADICIONAL DE MATERIA--TÉRMINO DE MATERIA
Término de materia o nombre geográfico como elemento de entrada Lengua latina-
Subdivisión general Sintaxis.
9 (RLIN) 14306
700 1# - ENTRADA AGREGADA--NOMBRE PERSONAL
Nombre de persona Norberg, Dag.
9 (RLIN) 85954
710 2# - ENTRADA AGREGADA--NOMBRE DE ENTIDAD CORPORATIVA
Nombre de entidad corporativa o nombre de jurisdicción como elemento de entrada Instituto Antonio de Nebrija.
9 (RLIN) 4795
830 1# - PUNTO DE ACCESO ADICIONAL DE SERIE-TÍTULO UNIFORME
Título uniforme Filología clásica ;
Designación de volumen o secuencia 12
9 (RLIN) 229332
852 4# - LOCALIZACIÓN
Ubicación ES-MaACL
Número de control de estantería C-8102
Holdings
Estatus retirado Estado de pérdida Estado de daño No para préstamo Biblioteca de origen Biblioteca actual Ubicación en estantería Fecha de adquisición Fuente de adquisición Total de préstamos Signatura topográfica completa Código de barras Visto por última vez Precio de reemplazo Tipo de ítem Koha
        Biblioteca del Ateneo de Madrid Biblioteca del Ateneo de Madrid Sala Palomar 17/01/2008     C-8102 1031296 23/02/2023 23/02/2023 Libro impreso